[Event "Oberwart op"]
[Site "Oberwart"]
[Date "1994.??.??"]
[Round "8"]
[White "Cebalo, Miso"]
[Black "Loginov, Valery A"]
[Result "0-1"]
[WhiteElo "2520"]
[BlackElo "2610"]
[PlyCount "64"]
[EventDate "1994.07.??"]
[EventType "swiss"]
[EventRounds "9"]
[EventCountry "AUT"]
[SourceTitle "EXT 1998"]
[Source "ChessBase"]
[SourceDate "1997.11.17"]
[SourceVersion "1"]
[SourceVersionDate "1997.11.17"]
[SourceQuality "1"]

1. d4 Nf6 2. Nf3 e6 3. c4 Bb4+ 4. Nbd2 b6 5. a3 Bxd2+ 6. Bxd2 Bb7 7. Bf4 d6 8.
e3 Nbd7 9. h3 Qe7 10. Be2 O-O 11. O-O Rfd8 12. b4 c5 13. dxc5 dxc5 14. Bc7 Rdc8
15. Bd6 Qe8 16. Qb3 e5 17. Rad1 Ne4 18. Qb2 Nxd6 19. Rxd6 e4 20. Nh4 Qe5 21.
Qd2 Nf6 22. g3 Ne8 23. bxc5 bxc5 24. Rd7 Bc6 25. Rd1 Bxd7 26. Qxd7 Nf6 27. Qa4
g6 28. Ng2 Rd8 29. Rxd8+ Rxd8 30. Qxa7 Rd2 31. Nf4 g5 32. Qa5 Ra2 0-1

[Event "Berliner Sommer 12th"]
[Site "Berlin"]
[Date "1994.??.??"]
[Round "?"]
[White "Panchenko, Alexandar G"]
[Black "Loginov, Valery A"]
[Result "0-1"]
[WhiteElo "2510"]
[BlackElo "2610"]
[PlyCount "85"]
[EventDate "1994.08.??"]
[EventType "swiss"]
[EventRounds "9"]
[EventCountry "GER"]
[SourceTitle "EXT 1997"]
[Source "ChessBase"]
[SourceDate "1996.11.15"]
[SourceVersion "1"]
[SourceVersionDate "1996.11.15"]
[SourceQuality "1"]

1. d4 Nf6 2. Nf3 e6 3. c4 Bb4+ 4. Bd2 Qe7 5. g3 Nc6 6. Nc3 O-O 7. Bg2 Bxc3 8.
Bxc3 Ne4 9. Qc2 f5 10. O-O d6 11. d5 Nd8 12. dxe6 Nxe6 13. Bb4 a5 14. Ba3 b6
15. Nd2 Bb7 16. Nxe4 fxe4 17. Rad1 Ng5 18. Qc1 Rae8 19. b3 Ba8 20. Bb2 h5 21.
Qc3 e3 22. f3 h4 23. gxh4 Ne6 24. Qxe3 Qxh4 25. Qf2 Qh7 26. Rd2 Nf4 27. Kh1 Re6
28. Rg1 Rf7 29. Bd4 Qh6 30. e4 Qh5 31. Bf1 Ng6 32. Be2 Bxe4 33. Rg3 Bc6 34. Qg2
Qh6 35. Rc2 Nf4 36. Qf2 Qh5 37. Bf1 Rg6 38. Rc3 Rxg3 39. Qxg3 Ne6 40. Bf2 Bxf3+
41. Kg1 Rf6 42. Qh3 Rg6+ 43. Bg3 0-1

[Event "Kstovo op"]
[Site "Kstovo"]
[Date "1994.??.??"]
[Round "6"]
[White "Aleksandrov, Aleksej"]
[Black "Loginov, Valery A"]
[Result "0-1"]
[WhiteElo "2525"]
[BlackElo "2610"]
[PlyCount "66"]
[EventDate "1994.08.??"]
[EventType "swiss"]
[EventRounds "9"]
[EventCountry "RUS"]
[SourceTitle "CBM 042 Extra"]
[Source "ChessBase"]
[SourceDate "1994.11.01"]
[SourceVersion "1"]
[SourceVersionDate "1994.11.01"]
[SourceQuality "1"]

1. d4 Nf6 2. Bg5 Ne4 3. Bh4 c5 4. f3 g5 5. fxe4 gxh4 6. e3 Bh6 7. Kf2 cxd4 8.
exd4 Qb6 9. Nc3 e6 10. Nf3 Nc6 11. Nb5 O-O 12. c4 d6 13. Nxd6 e5 14. Qb3 exd4
15. Qxb6 Be3+ 16. Ke1 axb6 17. Nxh4 Nb4 18. Kd1 Bg4+ 19. Be2 Bd7 20. Nb5 d3 21.
Bf1 Bxb5 22. cxb5 Rfc8 23. Bxd3 Nxd3 24. Ke2 Bg5 25. Nf5 Ne5 26. Rhd1 Ra4 27.
Rd4 Rc2+ 28. Kd1 Rxd4+ 29. Kxc2 Rxe4 30. Rd1 Rf4 31. Nd6 Rf2+ 32. Kb3 Rxg2 33.
a4 Rd2 0-1

[Event "Kstovo op"]
[Site "Kstovo"]
[Date "1994.??.??"]
[Round "6"]
[White "Loginov, Valery A"]
[Black "Ivanov, Sergey"]
[Result "1-0"]
[WhiteElo "2610"]
[BlackElo "2490"]
[PlyCount "87"]
[EventDate "1994.08.??"]
[EventType "swiss"]
[EventRounds "9"]
[EventCountry "RUS"]
[SourceTitle "CBM 042 Extra"]
[Source "ChessBase"]
[SourceDate "1994.11.01"]
[SourceVersion "1"]
[SourceVersionDate "1994.11.01"]
[SourceQuality "1"]

1. Nf3 d5 2. g3 g6 3. c4 c6 4. Qa4 Nd7 5. cxd5 cxd5 6. Nc3 Ngf6 7. d3 Bg7 8.
Bg2 O-O 9. O-O h6 10. Bd2 a6 11. Rfc1 e5 12. Nd1 Re8 13. Ne3 d4 14. Nf1 Nf8 15.
Ba5 b6 16. Bb4 Bb7 17. Bxf8 Bxf8 18. N3d2 Nd5 19. Qb3 Kg7 20. a4 a5 21. Nc4 Re6
22. Nfd2 Bb4 23. Nb1 Qe7 24. Nba3 Rd8 25. Nb5 Bc5 26. Nd2 f5 27. Rc4 e4 28.
Nxd4 Re5 29. dxe4 Nb4 30. N4f3 Rxe4 31. Nxe4 fxe4 32. Qc3+ Kh7 33. Ne1 e3 34.
f4 Rd2 35. Bxb7 Qxb7 36. Rxc5 bxc5 37. Qxe3 Rxb2 38. Rd1 Nc6 39. Nf3 Rb1 40.
Rxb1 Qxb1+ 41. Kf2 c4 42. Qc5 Qe4 43. Nd2 Qh1 44. Nf3 1-0

[Event "Vienna op"]
[Site "Vienna"]
[Date "1994.??.??"]
[Round "6"]
[White "Loginov, Valery A"]
[Black "Teske, Henrik"]
[Result "1-0"]
[WhiteElo "2610"]
[BlackElo "2495"]
[PlyCount "111"]
[EventDate "1994.10.??"]
[EventType "swiss"]
[EventRounds "9"]
[EventCountry "AUT"]
[SourceTitle "EXT 1998"]
[Source "ChessBase"]
[SourceDate "1997.11.17"]
[SourceVersion "1"]
[SourceVersionDate "1997.11.17"]
[SourceQuality "1"]

1. Nf3 Nf6 2. g3 g6 3. c4 c5 4. Bg2 Bg7 5. Nc3 Nc6 6. d4 cxd4 7. Nxd4 O-O 8.
O-O Nxd4 9. Qxd4 d6 10. Qd3 a6 11. Bd2 Bf5 12. e4 Be6 13. b3 Ng4 14. Rac1 Qb6
15. Qe2 Rfc8 16. Nd5 Qd8 17. Bg5 Bxd5 18. exd5 Nf6 19. Rfe1 Rc7 20. Rc2 b6 21.
h4 Qd7 22. Qd3 h6 23. Bxf6 Bxf6 24. Qe3 b5 25. Qxh6 bxc4 26. bxc4 Qg4 27. Qc1
Rb8 28. Re4 Qh5 29. Re1 a5 30. Qf4 Rb4 31. Bf3 Qh8 32. Kg2 Be5 33. Qc1 Qf6 34.
h5 g5 35. Re4 Qf5 36. Qe3 Kf8 37. Bg4 Qh7 38. Qf3 Rc5 39. Bd7 Bf6 40. Bf5 Qh8
41. Qe2 Kg7 42. Re3 Qd8 43. h6+ Kh8 44. Bd3 Qf8 45. Qh5 Rb1 46. Rce2 Rd1 47.
Qg4 Qxh6 48. Re1 Rxe1 49. Rxe1 Kg8 50. Rh1 Qg7 51. Qd7 Qf8 52. Bh7+ Kh8 53. a4
Be5 54. Bd3+ Kg8 55. Rh7 f5 56. Rxe7 1-0

[Event "Olympiad-31"]
[Site "Moscow"]
[Date "1994.12.12"]
[Round "11.1"]
[White "Loginov, Valery A"]
[Black "Spraggett, Kevin"]
[Result "1-0"]
[WhiteElo "2610"]
[BlackElo "2530"]
[PlyCount "41"]
[EventDate "1994.12.01"]
[EventType "team-swiss"]
[EventRounds "14"]
[EventCountry "RUS"]
[SourceTitle "CBM 045"]
[Source "ChessBase"]
[SourceDate "1995.04.01"]
[SourceVersion "1"]
[SourceVersionDate "1995.04.01"]
[SourceQuality "1"]
[WhiteTeam "Uzbekistan"]
[BlackTeam "Canada"]
[WhiteTeamCountry "UZB"]
[BlackTeamCountry "CAN"]

1. Nf3 Nf6 2. g3 d5 3. Bg2 c6 4. O-O Bg4 5. c4 e6 6. d3 Nbd7 7. cxd5 exd5 8.
Qc2 Be7 9. e4 O-O 10. Nc3 Rc8 11. h3 Bxf3 12. Bxf3 Ne5 13. Bg2 dxe4 14. dxe4
Qd3 15. Qxd3 Nxd3 16. Be3 b6 17. Rab1 Rfd8 18. Rfd1 Bb4 19. Ne2 c5 20. a3 Ba5
21. e5 1-0

[Event "Oberwart op"]
[Site "Oberwart"]
[Date "1995.??.??"]
[Round "7"]
[White "Kozul, Zdenko"]
[Black "Loginov, Valery A"]
[Result "0-1"]
[WhiteElo "2570"]
[BlackElo "2550"]
[PlyCount "80"]
[EventDate "1995.07.??"]
[EventType "swiss"]
[EventRounds "9"]
[EventCountry "AUT"]
[SourceTitle "EXT 2001"]
[Source "ChessBase"]
[SourceDate "2000.11.22"]
[SourceVersion "1"]
[SourceVersionDate "2000.11.22"]
[SourceQuality "1"]

1. d4 Nf6 2. c4 e6 3. Nf3 Bb4+ 4. Nbd2 b6 5. a3 Bxd2+ 6. Qxd2 Bb7 7. e3 O-O 8.
Bd3 d6 9. b3 Nbd7 10. Bb2 Qe7 11. O-O e5 12. Ng5 h6 13. Nh3 Be4 14. Bxe4 Nxe4
15. Qc2 Nef6 16. Rae1 e4 17. f4 d5 18. f5 c6 19. Nf4 Rad8 20. Rc1 dxc4 21. Qxc4
Rc8 22. a4 Qd6 23. h3 Nd5 24. Nxd5 cxd5 25. Qxc8 Rxc8 26. Rxc8+ Kh7 27. Bc3 Qa3
28. Be1 Qxb3 29. Bf2 Qxa4 30. Rfc1 b5 31. Rd8 Nb6 32. Rc7 Nc4 33. Rcc8 g5 34.
Bg3 Qa3 35. Rxc4 bxc4 36. Be5 f6 37. Bxf6 Qxe3+ 38. Kf1 Qf4+ 39. Ke2 Qxf5 40.
Be5 e3 0-1

[Event "RUS-ch"]
[Site "Elista"]
[Date "1996.??.??"]
[Round "2"]
[White "Loginov, Valery A"]
[Black "Dreev, Alexey"]
[Result "1-0"]
[WhiteElo "2525"]
[BlackElo "2645"]
[Annotator "Belov,I"]
[PlyCount "131"]
[EventDate "1996.10.15"]
[EventType "swiss"]
[EventRounds "11"]
[EventCountry "RUS"]
[SourceTitle "CBM 056"]
[Source "ChessBase"]
[SourceDate "1997.02.01"]
[SourceVersion "1"]
[SourceVersionDate "1997.02.01"]
[SourceQuality "1"]

1. Nf3 d5 2. g3 c6 3. Bg2 Bf5 4. O-O e6 5. d3 Nf6 6. c4 Be7 7. Be3 (7. cxd5
cxd5 (7... exd5 8. Nc3 O-O 9. Nd4 Bd7 10. e4 c5 11. Nf5 Bxf5 12. exf5 Nc6 13.
Bg5 Qd7 14. g4 h6 15. Bh4 d4 16. Bxf6 Bxf6 17. Ne4 Be7 18. Rc1 b6 $14 {
Malaniuk,V-Kishnev,S/Copenhavn/1991/1:0/37/}) 8. Qb3 Qb6 9. Qxb6 axb6 10. Nd4
Bg6 11. Nb5 Na6 12. N1c3 O-O 13. Bf4 Nd7 14. Bd6 $16 {Loginov,V-Ikonnikov,V/
Katowice/1992/1;0/51/}) 7... dxc4 (7... O-O 8. Qb3 Qc8 9. Nc3 Nbd7 10. Rac1 Re8
11. Nh4 dxc4 12. Qxc4 Ng4 13. Nxf5 exf5 14. Bd2 $14 {Bagirov,V-Anikaev,Y/
Moscow/1990/0,5/30/}) 8. dxc4 Nbd7 (8... Qxd1 9. Rxd1 Bc2 (9... Nbd7 10. Nc3
$14) 10. Rd2 Bg6 11. Nd4 Nbd7 12. Rd1 O-O-O $10 {Kosic,D-Matulovic,M/YUG/1995/}
) 9. Nc3 O-O 10. Nh4 (10. h3 h6 11. a3 a5 12. Na4 $1 Qc7 13. Rc1 e5 14. Nd2
Rfd8 (14... b6 $142) 15. Qb3 $14 {Pigusov,E-Georgiev,Kir/Moscow GMA/1990/0:1/
67/}) 10... Bg4 (10... Bg6 11. Nxg6 hxg6 12. Qc2 $14) 11. h3 Bh5 12. g4 Ne8 $5
(12... Bg6 13. Nxg6 hxg6 14. Qc2 a5 (14... Bc5 15. Bxc5 Nxc5 16. b4 Na6 17. a3
$14) 15. Rad1 Qc7 16. Na4 $14) 13. gxh5 $5 (13. Nf3 Bg6 14. Qd2 Bc5 $10) 13...
Bxh4 14. h6 (14. Qd2 h6 15. Rad1 Ne5 16. b3 Nf6 $132) 14... g6 15. Qd2 Ne5 $6 (
15... Nc7 $5 16. Rad1 Ne5 17. b3 Qe7 $13) (15... Qe7 16. Rad1 Ne5 17. b3 f5 18.
f4 Nf7 19. Qd7 $16) 16. Qxd8 Bxd8 (16... Rxd8 17. Bc5 (17. Bxa7 $5 Nxc4 18. Bc5
Ncd6 19. Rad1 Be7 20. Rd3 $36) 17... Nd6 (17... Nxc4 18. Bxf8 Kxf8 19. b3 $14)
18. Rad1 Be7 19. b3 Nc8 (19... a6 $2 20. f4 $18) 20. Bd4 $14) 17. Bc5 Nxc4 18.
Bxf8 Kxf8 19. b3 Ncd6 20. Rad1 $14 (20. f4 $5 Nf5 21. e4 Bb6+ 22. Kh2 Nxh6 23.
Rad1 Ke7 $14) 20... Bg5 21. Rd3 Ke7 22. Rfd1 f5 (22... Bxh6 $32 23. e3 Rd8 $14)
23. e4 $1 e5 $6 (23... Bxh6 24. e5 Nf7 25. Rd7+ $16) (23... Rd8 $22 24. e5 Nf7
25. Rxd8 Nxd8 26. Ne2 Bxh6 $13) 24. b4 Bxh6 25. b5 $1 Rc8 (25... cxb5 26. Nd5+
Kf7 27. Nc7 $1 Nxc7 (27... Rc8 28. Nxe8 Nxe8 29. Rd7+ Kg8 30. exf5 gxf5 31.
Rxb7 $16) 28. Rxd6 Ne6 29. Rd7+ $16) 26. bxc6 bxc6 $8 27. h4 $1 Rc7 28. h5 Nf7
(28... Bf4 $5) 29. hxg6 hxg6 30. Na4 Ned6 31. Nc5 Bf8 $6 (31... Bf4 32. Rh3 Bh6
33. Rg3 Bg5) 32. Rb3 $1 Nb5 33. Rg3 $1 $16 g5 $8 (33... Kf6 34. Nd7+ Ke7 35.
Nxf8 Kxf8 36. Rxg6 Nd4 37. exf5 $18) 34. exf5 $16 Nd4 35. Ne6 $5 Ne2+ (35...
Nxe6 36. fxe6 Kxe6 37. Rc3 c5 38. Bd5+ Ke7 39. Re1 $16) 36. Kh2 Nxg3 37. Nxc7
Nxf5 38. Bxc6 $16 Nd4 39. Bg2 Nd6 40. Kh3 $1 Kd7 41. Nd5 Nc4 42. Ne3 (42. Kg4
$5) 42... Nb2 43. Rd2 Na4 44. Nc2 (44. Kg4 Be7 45. Nf5 $18) 44... Bc5 45. Nxd4
Bxd4 46. Kg4 Kd6 47. Kxg5 $18 Kc5 48. Kf5 Nc3 49. Bb7 Nb5 50. Rc2+ Kb4 51. Ke6
Nc3 52. f3 a5 53. Bd5 a4 54. Kd6 Ka3 (54... Nb5+ 55. Kc6 Nc3 56. Rd2 Ka3 57. f4
Be3 58. Rc2 Bd4 59. Rd2 Be3 60. Rd3 Bd4 61. f5 $18) 55. Bf7 Kb4 56. Kc6 Ka3 57.
Rd2 $1 Kb4 58. f4 $1 Be3 $8 59. Rb2+ Ka3 60. Rc2 Bd4 61. Rd2 (61. f5 e4 $132)
61... Ne4 (61... Be3 62. Rd3 Bd4 63. f5 $18) 62. Re2 Nc3 63. Rxe5 $1 $18 Nxa2 (
63... Bxe5 64. fxe5 Nxa2 65. e6 (65. Bxa2 Kxa2 66. e6 a3 67. e7 Kb2 68. e8=Q a2
$10) 65... Nb4+ 66. Kd6 $18) 64. Re4 $1 (64. Bxa2 Bxe5 65. fxe5 Kxa2 66. e6 a3
$10) 64... Nb4+ 65. Kb5 Nc2 66. Re2 1-0

[Event "RUS-ch51"]
[Site "St Petersburg"]
[Date "1998.08.06"]
[Round "10"]
[White "Loginov, Valery A"]
[Black "Volkov, Sergey"]
[Result "1-0"]
[WhiteElo "2520"]
[BlackElo "2605"]
[Annotator "Huebner,R"]
[PlyCount "187"]
[EventDate "1998.07.28"]
[EventType "swiss"]
[EventRounds "11"]
[EventCountry "RUS"]
[SourceTitle "CBM 067"]
[Source "ChessBase"]
[SourceDate "1998.11.30"]
[SourceVersion "2"]
[SourceVersionDate "1998.11.01"]
[SourceQuality "1"]

1. Nf3 d5 2. d4 Nf6 3. c4 c6 4. Nc3 a6 5. c5 Nbd7 6. Bf4 Nh5 7. Bg5 h6 8. Bd2
Nhf6 9. Bf4 g5 10. Bg3 Bg7 11. e3 Nh5 12. Bd3 Nxg3 13. hxg3 e5 14. Bc2 Qe7 15.
b4 a5 16. b5 exd4 17. Nxd4 Nxc5 18. O-O Bd7 19. Rc1 O-O 20. Bb1 f5 21. bxc6
bxc6 22. g4 fxg4 23. Nce2 Rac8 24. Ng3 Ne4 25. Nxc6 Bxc6 26. Rxc6 Rxc6 27.
Qxd5+ Re6 28. Nxe4 Kh8 29. Ng3 Be5 30. Nf5 Qf7 31. Qxa5 g3 $2 (31... h5 $5) 32.
fxg3 g4 33. Bd3 Qd7 34. Bc4 Ree8 35. Bb5 Qd8 (35... Qd5 $142) 36. Qa4 Re6 37.
Qxg4 $16 Qg5 38. Qxg5 hxg5 39. g4 Rd8 40. Kf2 Rd2+ 41. Kf3 Rb6 42. Rh1+ Kg8 43.
Bc4+ Kf8 44. Rh7 Rc2 45. Rf7+ Ke8 46. Bb3 Rc5 47. Ra7 Kd8 48. Ke4 Bc7 49. Bd5
Kd7 50. Nd4 Kd6 51. Nf5+ Kd7 52. Nd4 Kd6 53. Bb3 Rb8 54. Ra6+ Bb6 55. Ra4 Re5+
56. Kd3 Rbe8 57. e4 Ra5 58. Rb4 Bc5 59. Rb7 Rd8 60. Ne6 Rd7 61. e5+ Ke7+ 62.
Rxd7+ Kxd7 63. Nxg5 Bd6 64. Be6+ Kc6 65. exd6 Kxd6 66. Bf5 Rxa2 67. Ne4+ Ke5
68. g3 Ra3+ 69. Ke2 Rb3 70. Kf2 Rb2+ 71. Kf3 Rb3+ 72. Kg2 Rb1 73. Ng5 Rb2+ 74.
Kh3 Rb8 75. Nf3+ Kf6 76. Be4 Rh8+ 77. Kg2 Re8 78. g5+ Kg7 79. Bf5 Rb8 80. Kh3
Rb4 81. Nh4 Rb5 82. Kg4 Rb4+ 83. Kh5 Rb3 84. Be4 Rb4 85. Nf5+ Kh8 86. Bf3 Rb3
87. Bg4 Rb6 88. g6 Rf6 89. Kg5 Rb6 90. Bf3 Rb5 91. Kf6 Rb6+ 92. Kf7 Rb8 93. g7+
Kh7 94. Ne7 1-0

[Event "RUS-ch KO"]
[Site "Moscow"]
[Date "1999.12.18"]
[Round "2.2"]
[White "Loginov, Valery A"]
[Black "Tregubov, Pavel V"]
[Result "1-0"]
[WhiteElo "2530"]
[BlackElo "2609"]
[Annotator "Horn,Pe"]
[PlyCount "81"]
[EventDate "1999.12.04"]
[EventType "k.o."]
[EventRounds "6"]
[EventCountry "RUS"]
[SourceTitle "CBM 075"]
[Source "ChessBase"]
[SourceDate "2000.04.05"]
[SourceVersion "1"]
[SourceVersionDate "2000.04.05"]
[SourceQuality "1"]

1. Nf3 d5 2. g3 Nf6 3. Bg2 c6 4. O-O Bf5 5. c4 e6 6. d3 dxc4 7. dxc4 Qxd1 8.
Rxd1 Nbd7 9. Nc3 h6 10. Be3 Ng4 11. Bd2 Bc5 12. Be1 O-O-O (12... Nb6 13. Rac1
O-O 14. Nd2 Rfd8 15. Nde4 Be7 16. c5 Bxe4 $6 (16... Nd5 $5) 17. Nxe4 Nd5 18. h3
Ne5 19. Nd2 (19. Nd6 $5 $14) 19... f5 20. Nb3 Nd7 21. a3 N7f6 22. Na5 Rd7 23.
Nc4 $14 {Urban,K-Okuniewski,B/Krynica 1997}) (12... Ngf6 13. Rac1 O-O 14. Na4
Be7 15. b4 a5 16. b5 Ba3 17. Rc3 Bb4 18. Rcc1 Ba3 19. Rc3 Bb4 20. Rcc1 {
1/2-1/2 Weber,M-Behrhorst,F/Germany 1988/GER-chT (20)}) 13. a3 $146 (13. Nd4
Bg6 (13... Bh7 14. Na4 e5 $1 15. Nb3 Be7 16. e4 (16. Ba5 $5) 16... f5 17. h3
Ngf6 18. exf5 Bxf5 19. Rac1 Ne4 20. c5 Ng5 21. h4 Ne6 22. Ba5 Rdf8 $13 {
Andreeva,N-Shaidulina,S/Kolontaevo 1997}) 14. Na4 Be7 $2 15. Bxc6 $1 bxc6 16.
Nxc6 Bf6 17. Ba5 $16 {Shirov,A-Van Wely,L/Monte Carlo 1999}) (13. Na4 Be7 14.
Nd4 Bh7 $2 15. Ba5 $2 (15. Bxc6 $1 $16) 15... Rde8 16. h3 Ngf6 17. Rac1 $13 {
Rajkovic,D-Velicka,P/Luxembourg 1990}) 13... Nde5 14. b4 Be7 15. Nd4 Nxc4 (
15... Bg6 16. c5 $13 (16. b5 c5 $17)) 16. b5 $1 c5 17. Nxf5 exf5 18. Nd5 Bd6 (
18... Bf8 19. Rdc1 Nce5 20. Ba5 (20. b6 a6 21. Bc3 $44) 20... b6 21. Bc3 $44) (
18... Bg5 $2 19. h4 Bf6 20. Rac1 $18) 19. Rdc1 Nce5 20. Ba5 Rde8 (20... b6 21.
Bc3 $44 {[%cal Ya3a4,Ya4a5]} (21. Nxb6+ axb6 22. Bxb6 $13)) 21. Bc7 Bxc7 (21...
Bf8 22. b6 a6 23. f3 Nf6 24. Nxf6 gxf6 25. Bh3 $18) 22. Rxc5 Kb8 23. Rxc7 Rc8
24. Re7 Rhe8 25. f4 (25. h3 Nf6 (25... Rxe7 26. Nxe7 Re8 27. Nxf5 $18) 26.
Rxb7+ Kxb7 27. Nxf6+ $18) 25... Nc4 26. Rxf7 Rxe2 27. h3 $18 Nd6 (27... Rxg2+
28. Kxg2 Nge3+ 29. Nxe3 Nxe3+ 30. Kf2 $18) 28. Rd7 Rcc2 29. Bf3 Rf2 30. Rxd6
Rxf3 31. Rd8+ Rc8 32. Rxc8+ Kxc8 33. hxg4 Rxg3+ 34. Kf2 Rxg4 35. Rd1 g6 36. Kf3
g5 37. a4 Rh4 38. a5 b6 39. Rc1+ Kb8 40. a6 Rh3+ 41. Kg2 1-0

[Event "RUS-ch KO"]
[Site "Moscow"]
[Date "1999.12.18"]
[Round "2.4"]
[White "Tregubov, Pavel V"]
[Black "Loginov, Valery A"]
[Result "0-1"]
[WhiteElo "2609"]
[BlackElo "2530"]
[PlyCount "56"]
[EventDate "1999.12.04"]
[EventType "k.o."]
[EventRounds "6"]
[EventCountry "RUS"]
[SourceTitle "CBM 075"]
[Source "ChessBase"]
[SourceDate "2000.04.05"]
[SourceVersion "1"]
[SourceVersionDate "2000.04.05"]
[SourceQuality "1"]

1. d4 Nf6 2. c4 g6 3. g3 Bg7 4. Bg2 O-O 5. Nf3 d6 6. O-O c6 7. Nc3 Nbd7 8. e4
e5 9. b3 a6 10. Re1 Re8 11. h3 b5 12. c5 exd4 13. Nxd4 Bb7 14. Bf4 Nxc5 15. Rc1
b4 16. Nb1 Nfxe4 17. Bxe4 Rxe4 18. Rxe4 Nxe4 19. Nxc6 Qe8 20. Na5 Nxf2 21. Kxf2
Qe4 22. Nxb7 Bd4+ 23. Qxd4 Qxd4+ 24. Kf1 Qd5 25. Nxd6 g5 26. Bxg5 Qxg5 27. Rd1
Rd8 28. Kg2 Qe5 0-1

[Event "RUS-ch KO"]
[Site "Moscow"]
[Date "1999.12.18"]
[Round "2.5"]
[White "Tregubov, Pavel V"]
[Black "Loginov, Valery A"]
[Result "0-1"]
[WhiteElo "2609"]
[BlackElo "2530"]
[PlyCount "88"]
[EventDate "1999.12.04"]
[EventType "k.o."]
[EventRounds "6"]
[EventCountry "RUS"]
[SourceTitle "CBM 075"]
[Source "ChessBase"]
[SourceDate "2000.04.05"]
[SourceVersion "1"]
[SourceVersionDate "2000.04.05"]
[SourceQuality "1"]

1. d4 Nf6 2. c4 g6 3. g3 Bg7 4. Bg2 O-O 5. Nf3 c6 6. Nc3 d6 7. O-O Nbd7 8. e4
e5 9. b3 a6 10. h3 Re8 11. Be3 b5 12. dxe5 dxe5 13. Nd2 Bb7 14. Qe2 Bf8 15. a3
b4 16. axb4 Bxb4 17. Na4 a5 18. Rfd1 Qe7 19. Rac1 Nc5 20. Nxc5 Bxc5 21. Nb1
Bxe3 22. Qxe3 Nd7 23. Nc3 Nc5 24. Rb1 Red8 25. Rxd8+ Rxd8 26. Bf1 Bc8 27. Na4
Ne6 28. Nb6 Nd4 29. Nxc8 Rxc8 30. Qc3 Qb4 31. Qc1 Kg7 32. h4 h5 33. f4 Nf3+ 34.
Kg2 Nd2 35. Rb2 Nxf1 36. Qxf1 Qc3 37. Qe2 Rd8 38. Qc2 Qxc2+ 39. Rxc2 Rd3 40.
Ra2 Rxb3 41. Rxa5 exf4 42. gxf4 Re3 43. e5 Re4 44. Rc5 Rxf4 0-1

[Event "RUS-Cup"]
[Site "Tula"]
[Date "2001.??.??"]
[Round "6"]
[White "Loginov, Valery A"]
[Black "Lastin, Alexander"]
[Result "1-0"]
[WhiteElo "2480"]
[BlackElo "2631"]
[PlyCount "52"]
[EventDate "2001.??.??"]
[EventType "swiss"]
[EventRounds "9"]
[EventCountry "RUS"]
[SourceTitle "EXT 2002"]
[Source "ChessBase"]
[SourceDate "2001.11.25"]
[SourceVersion "1"]
[SourceVersionDate "2001.11.25"]
[SourceQuality "1"]

1. Nf3 d5 2. g3 g6 3. Bg2 Bg7 4. d4 Nf6 5. c4 dxc4 6. Qa4+ Nfd7 7. Nbd2 O-O 8.
Nxc4 c5 9. Be3 cxd4 10. Nxd4 Nc5 11. Qd1 Nba6 12. O-O Bd7 13. Qd2 Rc8 14. Rac1
e5 15. Nb3 Nxb3 16. axb3 Bc6 17. Nd6 Rc7 18. Bxc6 Rxc6 19. Rxc6 bxc6 20. Ra1
Nc7 21. Rxa7 Ne6 22. Qb4 e4 23. Bb6 Qf6 24. Qxe4 c5 25. Qe3 Qxb2 26. Rxf7 Nd4
1-0